| 000 | 00517nam a2200181Ia 4500 | ||
|---|---|---|---|
| 008 | 100920s9999 xx 000 0 und d | ||
| 082 |
_b4106 _a200 0 |
||
| 100 | _a--- | ||
| 245 | _aश्री शांकभरी कवच. | ||
| 260 |
_b--- _c0 |
||
| 300 |
_a27 _bसाधी |
||
| 365 | _b0 | ||
| 520 | _aधार्मिक. | ||
| 630 | _aश्री शांकभरी कवच. | ||
| 650 | _aधार्मिक. | ||
| 730 | _aश्री शांकभरी कवच. | ||
| 942 | _cBOOK | ||
| 999 |
_c673872 _d673869 |
||